000 00537nam a2200181Ia 4500
008 131103s9999 xx 000 0 und d
040 _aLoreto College
041 _aEnglish
082 _a821.4/MIL-DIE
_bLCLIB
100 _aDiekhoff, John S.
245 _aMilton's paradise lost
_b A commentary on the argument
_cJohn S. Diekhoff
260 _aLondon
_bRoutledge & Kegan paul
_c1958
300 _a161p.
_c 20cm.
504 _aIncludes index
650 _aEnglish poetry - Criticism
850 _aLCLIB/821.4/MIL-DIE
942 _cBK
999 _c21329
_d71808